| 000 | 00379cam a2200145ua 4500 | ||
|---|---|---|---|
| 041 |
_aeng _h |
||
| 082 |
_a634.64 _bNAG/PO |
||
| 100 | _aNagpal, R.L . | ||
| 245 |
_aPomegranate Cultivation in India / _cR.L.Nagpal. _hTextual Documents |
||
| 260 |
_a : _bIndian Council for Agricultural Research , _c1964. |
||
| 300 | _a30 ; . | ||
| 504 | _a | ||
| 942 | _cBK | ||
| 999 |
_c1281 _d1281 |
||